Bahía blanca : su historia en historias :

Guardado en:
Autor Principal: Recchi, Enrique César
Formato: Libro
Publicado: Bahía Blanca : Del Autor, 2000
Materias:
Etiquetas: Agregar Etiqueta
Sin Etiquetas, Sea el primero en etiquetar este registro!
LEADER 00579nam a22001815a 4500
001 CEM.cems010929
005 20080304152046.0
008 130507s2000##################000#0#####d
003 CEMS
082 0 4 |a 982.1 
100 1 |a Recchi, Enrique César 
245 1 0 |a Bahía blanca :  |b su historia en historias :  |c Enrique César Recchi 
260 |a Bahía Blanca :  |b Del Autor,  |c 2000 
300 |a 86 p. 
505 0 |a Descubrimientos y avistamientos -- La fundación 
653 |a Bahía blanca 
653 |a Bahía blanca-historia 
859 |a CEMS  |b BIB. CEMS - 11 de abril  |h 982.1  |i R243-1  |p 21697.02  |t Ej.1